Centenary souvenir sheet 1847-1947 (Record no. 2649)

000 -LEADER
fixed length control field 00668nam a22000977a 4500
008 - FIXED-LENGTH DATA ELEMENTS--GENERAL INFORMATION
fixed length control field 180305b xxu||||| |||| 00| 0 eng d
100 ## - MAIN ENTRY--AUTHOR'S NAME
Author's Name Arch, Brad
245 ## - TITLE STATEMENT
Title Centenary souvenir sheet 1847-1947
260 ## - PUBLICATION, DISTRIBUTION, ETC. (IMPRINT)
Place of publication, distribution, etc. Clifton, NJ
Name of publisher, distributor, etc. Brad Arch
Date of publication, distribution, etc. 1997
650 ## - TOPICAL TERM (Tag)
Topical term or geographic name United States | Souvenir Sheets | 1947 | Anniversaries of Issues | Commemorative Issues | Centenary International Philatelic Exhibition (1947 : New York) | CIPEX | Stamps -- Histories | Designs | Unaccepted | Essays and Proofs | Plate Blocks and Numbers | Production | Covers | First Days | Cachets | Postal History | Postal Rates | United States Related | Air Mail | Transoceanic Mail | International Mail | Military Mail
Holdings
Withdrawn status Lost status Source of classification or shelving scheme Damaged status Koha normalized classification for sorting Not for loan Collection code Permanent Location Current Location Shelving location Date acquired Total Checkouts Full call number Barcode Date last seen Copy number Price effective from
        G3701 S731 A669     Northern Philatelic Library Northern Philatelic Library General Stacks 03/05/2018   G3701 S731 A669 1002936 03/05/2018 1 03/05/2018

Powered by Koha